Quizzes
Events
Quiz Creation
Community
Videos
Private Events
Remove Ads
Sign In
Join for FREE
Feedback
Dark Mode
Quiz Categories
Sports
Geography
Music
Movies
Television
Just For Fun
Miscellaneous
History
Literature
Language
Science
Gaming
Entertainment
Religion
Holiday
For Kids
Quiz Lab
Recent
Popular Today
Quiz Kudos Today
Editor Picks
Curator Picks
Quizzes by...
Day
Popularity
Type
Ratings
Length
Year
Community
Subscriptions
Recent Discussions
Orange Saloon
Badges
Playlists
Quests
Create
Leaderboards
Showdown
Live 5
Trivia Bingo
Activity
Puzzle Library
Sporcle Events
Private Events
Virtual Trivia
Globe League
Become a Host
Pub Owners
SporcleCon
Opinionation
Our Games
Videos
Blog
Mobile Apps
Partnerships
Remove Ads and Go Orange
Feedback
Music
Pop Music
The Beatles
Song
Album
Lyrics
Bands
Singers
Artist
Clip
Rock
Rap
Classical
Billboard
Country Music
Kpop
Taylor Swift
Music
Pop Music
The Beatles
Song
Album
Lyrics
Bands
Singers
Artist
Clip
Rock
Rap
Classical
Billboard
Country Music
Kpop
Taylor Swift
Random Quiz
Search Sporcle
×
Quiz Lab
Quiz Lab
Music
Lyrics
Type in answers that appear in a list
Type in answers that appear in a list
Classic
Best Score? Go Orange.
Unobscure Indie Song lyrics #1 Stats
Can you name the Unobscure Indie Song lyrics #1?
By
joho
11m
200 Questions
425 Plays
425 Plays
425 Plays
Comments
Comments
Give Quiz Kudos
Give Quiz Kudos
-
- Ratings
hide this ad
Replay
Link that replays current quiz
Next Quiz
Link to next quiz in quiz playlist
You Got
0%
They Got
Avg Score
38%
Avg Friend Score
Upgrade to see
Score Distribution
Jump to the score distribution portion of the page
Score
0/200
Timer
11:00
0
Plays Today
% Correct
'a
97.4%
'a
97.4%
'a
97.4%
and
96.9%
the
96.9%
And
96.9%
A
96.9%
the
96.9%
And
96.9%
a
96.9%
the
96.9%
the
96.9%
And
96.9%
the
96.9%
the
96.9%
the
96.9%
and
96.9%
a
96.9%
the
96.9%
the
96.9%
and
96.9%
the
96.9%
And
96.9%
the
96.9%
a
96.9%
And
96.9%
'a
96.9%
the
96.9%
the
96.9%
And
96.9%
the
96.9%
'a
96.9%
you
89.6%
you
89.6%
we
72.5%
I
72%
I
72%
I
72%
I
72%
I
72%
to
69.9%
to
69.9%
to
69.9%
to
69.9%
to
69.9%
to
69.9%
me
66.4%
me
66.4%
me
66.4%
in
62.4%
in
62.4%
in
62.4%
on
60.5%
be
58.6%
when
57.6%
when
57.6%
when
57.6%
of
52.5%
of
52.5%
of
52.5%
of
52.5%
if
51.1%
if
51.1%
no
50.4%
your
50.1%
for
47.8%
my
47.8%
% Correct
my
47.8%
my
47.8%
were
47.1%
they
45.2%
they
45.2%
they
45.2%
how
42.6%
that
41.6%
was
39.3%
was
39.3%
know
37.4%
am
36.9%
this
36.2%
have
35.8%
too
35.3%
all
34.8%
all
34.8%
all
34.8%
don't
33.2%
I'm
32.7%
I'm
32.7%
our
32.5%
our
32.5%
then
32%
would
32%
would
32%
it's
31.8%
But
31.5%
from
30.8%
with
30.6%
like
30.6%
like
30.6%
like
30.6%
like
30.6%
like
30.6%
life
30.4%
out
27.3%
at
27.1%
or
26.4%
should
25.9%
their
25.4%
their
25.4%
good
24.2%
Only
23.3%
got
23.3%
Never
22.1%
never
22.1%
Ooh
20.9%
mind-
20.7%
Well,
19.3%
well.
19.3%
Well
19.3%
well.
19.3%
I'd
19.1%
I'd
19.1%
I'd
19.1%
back
18.8%
into
17.9%
into
17.9%
right
17.4%
lives
17.2%
lives
17.2%
New
15.3%
you'd
14.1%
you'd
14.1%
rest
12.9%
rest
12.9%
% Correct
through
12.7%
town
12.5%
die,
12.5%
find.
12.2%
Turn
12%
took
12%
king
12%
old
12%
took
12%
Gold
11.5%
teeth
11.1%
may
11.1%
met.
10.8%
takes
10.8%
wind.
10.6%
curse
10.1%
mouth.
10.1%
God
10.1%
away.
9.9%
looking
9.6%
might
9.6%
danced
9.4%
Hope
9.4%
Without
9.4%
danced
9.4%
set.
8.9%
tree
8.9%
slang
8.9%
dear.
8.7%
happier
8.5%
Dawn
8.5%
dawn
8.5%
eyesores
8%
eyesores
8%
notice
7.5%
head's
7.5%
wall
7.5%
lonely.
7.5%
pet
7.3%
gull
7.3%
jumped
7.3%
queen
7.3%
fared
7.1%
fared
7.1%
'til
6.8%
dirt
6.6%
cut
6.6%
stripes,
6.4%
breaks
6.4%
speed
6.4%
bleed
6.4%
fries.
6.1%
bakers
6.1%
buns
5.9%
bony.
5.6%
bull
5.4%
called
5.4%
thumbs,
5.4%
doomed
5.2%
melt
4.9%
dumb
4.9%
hall,
4.7%
flaming
4.7%
trust
4.5%
field
4.2%
refine?
4%
Quiz Playlist
Details
Report
Send in Message
Add To Playlist
Classic:
Type in answers that appear in a list
Last Updated: Feb 16, 2017
Quiz Scoreboard
CHALLENGE
Sign Up to Join the Scoreboard
Show All
Scores
Hide
Comments
May contain spoilers
Recently Published
Decade Duel: World Leaders
by jenniferyan
History
4m
Alphabetical 'K' Countries by Flag Minefield
by ylime102
Geography
3m
Pick 6: Fruits
by JohnFran
Miscellaneous
15s
More to Explore
Quiz From the Vault
Featured Blog Post
15 Basketball Trivia Facts You Can Be March Mad About
hide this ad
You Might Also Like...
Tags
Lyrics Quiz
indie
Today's Top Quizzes in Music
Browse Music
hide this ad
Today's Top Quizzes in Lyrics
Browse Lyrics
Top Contributed Quizzes in Music
1
Taylor Swift All Songs (2024)
2
Taylor Swift Logic Puzzle
3
KPOP LOGIC QUIZ
4
Guess the Taylor Swift song (Mystery Song)
5
A Taylor Swift Logic Puzzle
6
Guess The Taylor Swift Lyrics Song #1
7
kpop group name match up
8
K-Pop : 100 Debut Songs (Part 1 of 3)
9
2 word kpop group match
10
Madness Songs By Image
Explore More
Trending Topics
NBA
Anime
Harry Potter
Crossword
Disney
Kpop
Marvel
Puzzle
Pokémon
Soccer
NFL
The Office
WWE
Country
Song
hide this ad
More By:
joho
Quiz
Plays
Rating
Category
Featured
Created
Unobscure Indie Song lyrics #1
425
3.14
Music
Oct 6, 2010
Guess the Lyrics to this song 001
83
1.00
Music
Oct 6, 2010
Go to Creator's Profile
Score Distribution
Quiz Creator Spotlight
joho
Follow
Send a Message
Quizzes Created
-
Created Quiz Play Count
-
More By This Creator
Popular Quizzes Today
1
Countries of Asia Without Outlines Minefield
2
Find the US States - No Outlines Minefield
3
Pick 6: Fruits
4
The Countries of the World
5
Alphabetical 'K' Countries by Flag Minefield
6
Find the Countries of Europe - No Outlines Minefield
7
US States
8
Find the US States
More Music Quizzes
Albums Rainbow
Published
Trending Quizzes
Pick 6: Mountains
Pick 6: Harry Potter
Pick 6: Flags
Pick 6: NFL Teams
Pick 6: Movie Franchises
Recently Updated
Adaptations: Name the Title
pecheneg
NWSL Teams
pecheneg
Women's Final Four Teams by Year
bhenderson79
Presidents Quartet II
eogle
Anything But Clue(do)
eogle
Anything But Oceanian Capitals
eogle
Anything But 7
eogle
Anything But Thing
eogle
Word Ladder: February 29
pecheneg
Song Title Questions
pecheneg
Trending Topics
Disney
Anime
Crossword
Kpop
NBA
Marvel
Harry Potter
WWE
Pokémon
Soccer
NFL
The Office
Song
Puzzle
Country
Your Account Isn't Verified!
In order to create a playlist on Sporcle, you need to verify the email address you used during registration. Go to your
Sporcle Settings
to finish the process.
Report this User
Report this user for behavior that violates our
Community Guidelines
.
Details:
Send Report
Go to the Sporcle.com Mobile Site →
Comments